000 00673nam a2200241Ia 4500
005 20250508164201.0
008 008 250505s9999 xx 000 0 eng d
020 _a0-8264-5111-X
037 _aTextBook
040 _aFEDL
_beng
_cFEDL
041 _aeng
_2eng
084 _a372.891, OWE
_qFEDL
100 _aOwen David
245 0 _aTeaching geography 3-11: The essential guide
260 _aLondon, UK
_bContinuum
_c2001
300 _aviii,216p
365 _aGBP
_b15.99
490 _aReaching the Standara
650 _aTeaching - Geography
_9777620
700 _a Ryan Alison
_9777621
942 _cTB
_h372.891, OWE
999 _c1387469
_d1387469